00481nam a22001697a 450000500170000000800410001702000180005804000210007604100080009708200150010510000190012024500630013925000120020226000370021430000100025165000500026120260401072719.0260401b |||||||| |||| 00| 0 eng d a9789391883294 aIN-DiNCcIN-DiNC dasm a338.9bAHM aAhmed, Rofique aArthanitik bridhi aru unnayan (Major12)/cby Rofique Ahmed a1st ed. aJorhat:bUnika prakashan,c2026. a184p. aEconomics of growth and development (Major12)